Construcción racional:sistema de muros divisorios para edificios con estructura aporticada/Camilo Villate (Registro nro. 18799)

Detalles MARC
000 -LEADER
fixed length control field 00632nam a22001931a 4500
001 - CONTROL NUMBER
control field 18799
003 - CONTROL NUMBER IDENTIFIER
control field OSt
005 - DATE AND TIME OF LATEST TRANSACTION
control field 20260204212422.0
008 - FIXED-LENGTH DATA ELEMENTS--GENERAL INFORMATION
fixed length control field 180903s2011||||ck ||||||b||||||||||spa||
020 ## - NUMERO DE LIBRO INTERNACIONAL NORMALIZADO
International Standard Book Number 9789586956260
082 ## - DEWEY DECIMAL CLASSIFICATION NUMBER
Classification number 721.2 V726c
100 ## - ASIENTO PRINCIPAL -- NOMBRE PERSONAL
Personal name Villate Matiz,Camilo
245 ## - TÍTULO PROPIAMENTE DICHO: SUBTÍTULO
Title Construcción racional:sistema de muros divisorios para edificios con estructura aporticada/Camilo Villate
264 ## - PRODUCTION, PUBLICATION, DISTRIBUTION, MANUFACTURE, AND COPYRIGHT NOTICE
Place of production, publication, distribution, manufacture Bogotá:Universidad de los Andes
300 ## - PHYSICAL DESCRIPTION
Extensión 109 p.
500 ## - GENERAL NOTE
General note Incluye bibliografía
650 ## - ASIENTO SECUNDARIO DE MATERIA -- TERMINO TEMÁTICO
Termino Temático Como Elemento de Entrada Pórtica-Edificios 2.Muros-Diseño y Construción 3.Diseño de estructuras 4.CimentacionesÌ
942 ## - ADDED ENTRY ELEMENTS (KOHA)
Source of classification or shelving scheme Dewey Decimal Classification
Koha item type Libros
Existencias
Withdrawn status Lost status Source of classification or shelving scheme Damaged status Not for loan Current library Date acquired Total Checkouts Full call number Barcode Date last seen Price effective from Koha item type
    Dewey Decimal Classification     Biblioteca UTECO 09/09/2019   721.2 V726C 018408 09/09/2019 09/09/2019 Libros
    Dewey Decimal Classification     Biblioteca UTECO 09/09/2019   721.2 V726C 018409 09/09/2019 09/09/2019 Libros
© 2021 Derechos Reservados UTECO - Teléfono: +1 809-585-2291 - Correo electrónico: biblioteca@uteco.edu.do​  
Código postal 43000 ​​
Dirección: Avenida Universitaria No. 100, 
Cotuí, Provincia Sánchez Ramírez, República Dominicana - RNC: 404-00059-6